Online
Catalog

Código civil de la República Dominicana : (Record no. 51559)

MARC details
000 -CABECERA
campo de control de longitud fija 01856nam a2200301 a 4500
003 - IDENTIFICADOR DEL NÚMERO DE CONTROL
campo de control DO-SdBNP
005 - FECHA Y HORA DE LA ÚLTIMA TRANSACCIÓN
campo de control 20240402134029.0
007 - CAMPO FIJO DE DESCRIPCIÓN FÍSICA--INFORMACIÓN GENERAL
campo de control de longitud fija ta
008 - DATOS DE LONGITUD FIJA--INFORMACIÓN GENERAL
campo de control de longitud fija 220421e2017 dr ||||frgl|| 001 0 spa d
020 ## - NÚMERO INTERNACIONAL ESTÁNDAR DEL LIBRO
Número Internacional Estándar del Libro 9789945606256
040 ## - FUENTE DE LA CATALOGACIÓN
Centro catalogador/agencia de origen DO-SdBNP
Lengua de catalogación spa
Centro/agencia transcriptor BNPHU
082 #4 - NÚMERO DE LA CLASIFICACIÓN DECIMAL DEWEY
Número de clasificación 346.7293
Número de documento/Ítem R426c, 2017
Número de edición 22
110 1# - ENTRADA PRINCIPAL--NOMBRE DE ENTIDAD CORPORATIVA
Nombre de entidad corporativa o nombre de jurisdicción como elemento de entrada República Dominicana.
9 (RLIN) 447
240 10 - TÍTULO UNIFORME
Título uniforme [Código civil.]
245 10 - MENCIÓN DE TÍTULO
Título Código civil de la República Dominicana :
Resto del título (basada en la tercera edición oficial actualizada por la comisión nombrada mediante decreto 826-1983; revisado con la segunda edición oficial arreglada por la comisión nombrada conforme al Decreto 2213-1884 y con la edición impresa por la SCJ) /
Mención de responsabilidad, etc. [compilado] ;Juan Pablo Acosta, Trajano Vidal Potentini ; editor Héctor Guzmán R.
250 ## - MENCIÓN DE EDICIÓN
Mención de edición 12a. ed.
260 ## - PUBLICACIÓN, DISTRIBUCIÓN, ETC.
Lugar de publicación, distribución, etc. Santo Domingo :
Nombre del editor, distribuidor, etc. Dalis,
Fecha de publicación, distribución, etc. 2017
300 ## - DESCRIPCIÓN FÍSICA
Extensión 526 p. ;
Dimensiones 14 cm.
500 ## - NOTA GENERAL
Nota general Modificado de forma explícita por cerca de 30 Leyes y algunos Códigos. Modificado de forma Implícita por las Leyes 64-1924, 659-44, 4999-58 y 855-78. Actualizado y Adecuado conforme la Constitución Vigente, las Leyes 630-16, 590-16, 139-13, 247-12, el Dec. 56-10 y sus modificaciones las Leyes 1022-35, 1337-47, 4381-56, 1022-35 y reafirmado por la Constitución de 1955 y las demás Constituciones. Hasta la fecha. Revisado con la Constitución de 1874, varios Códigos. Docs. 89-31_4807-59, 5137-59, 5406-59, 7312-61; y mas de 45 Leyes. Y Legislaciones complementarias.
590 ## - NOTA LOCAL (RLIN)
Nota local Inventariado, 2022/MFF
650 #4 - PUNTO DE ACCESO ADICIONAL DE MATERIA--TÉRMINO DE MATERIA
Término de materia o nombre geográfico como elemento de entrada Derecho civil
Subdivisión general Legislación
Subdivisión geográfica República Dominicana
9 (RLIN) 3032
650 #4 - PUNTO DE ACCESO ADICIONAL DE MATERIA--TÉRMINO DE MATERIA
Término de materia o nombre geográfico como elemento de entrada Derecho civil
Subdivisión geográfica República Dominicana
9 (RLIN) 1058
700 1# - PUNTO DE ACCESO ADICIONAL--NOMBRE DE PERSONA
9 (RLIN) 11716
Nombre de persona Acosta, Juan Pablo
700 1# - PUNTO DE ACCESO ADICIONAL--NOMBRE DE PERSONA
Nombre de persona Potentini Adames, Trajano Vidal‏
9 (RLIN) 73577
700 1# - PUNTO DE ACCESO ADICIONAL--NOMBRE DE PERSONA
Nombre de persona Guzmán R., Héctor
Término indicativo de función/relación ed.
9 (RLIN) 81484
910 ## - DATOS DE OPCIÓN DEL USUARIO (OCLC)
Datos de opción del usuario MFéliz/Validado. Control de calidad MFF
942 ## - ELEMENTOS DE PUNTO DE ACCESO ADICIONAL (KOHA)
Fuente del sistema de clasificación o colocación Dewey Decimal Classification
Tipo de ítem Koha Libro
Holdings
Estado de retiro Estado de pérdida Fuente del sistema de clasificación o colocación Restricciones de uso No para préstamo Código de colección Localización permanente Ubicación/localización actual Ubicación en estantería Fecha de adquisición Fuente de adquisición Signatura topográfica completa Código de barras Fecha visto por última vez Precio válido a partir de Tipo de ítem Koha Número de copia
    Dewey Decimal Classification Préstamo restringido   Dominicana de Servicio Biblioteca Nacional Pedro Henríquez Ureña Biblioteca Nacional Pedro Henríquez Ureña Depósito 12.05.2018 Depósito Legal BNPHU PD 346.7293 R426c 2017 2022-1487 21.04.2022 21.04.2022 Libro  
    Dewey Decimal Classification Préstamo restringido   Dominicana de Servicio Biblioteca Nacional Pedro Henríquez Ureña Biblioteca Nacional Pedro Henríquez Ureña Depósito 12.05.2018 Depósito Legal BNPHU PD 346.7293 R426c 2017 2022-1488 21.04.2022 21.04.2022 Libro e.2
    Dewey Decimal Classification Préstamo en sala   Dominicana de Servicio Biblioteca Nacional Pedro Henríquez Ureña Biblioteca Nacional Pedro Henríquez Ureña Depósito 12.05.2018 Depósito Legal BNPHU DS 346.7293 R426c 2017 2022-1489 21.04.2022 21.04.2022 Libro e.3

Powered by Koha